ARRUPE JESUIT UNIVERSITY

CORONAVIRUS -STOP THE SPREAD - CLEAN,DISINFECT,COVER

People and education in the Third World (Record no. 99816)

MARC details
000 -LEADER
fixed length control field 00607nam a2200229Ia 4500
003 - CONTROL NUMBER IDENTIFIER
control field 0100
008 - FIXED-LENGTH DATA ELEMENTS--GENERAL INFORMATION
fixed length control field 130307s9999 xx 000 0 und d
020 ## - INTERNATIONAL STANDARD BOOK NUMBER
International Standard Book Number 0582005604
040 ## - CATALOGING SOURCE
Transcribing agency ARRUPELIB
050 ## - LIBRARY OF CONGRESS CALL NUMBER
Classification number LC2605.G68 1993
300 ## - PHYSICAL DESCRIPTION
Other physical details 232 p. : ill. 22 cm.
100 ## - MAIN ENTRY--PERSONAL NAME
Personal name Gould, W. T. S
245 ## - TITLE STATEMENT
Title People and education in the Third World
260 ## - PUBLICATION, DISTRIBUTION, ETC. (IMPRINT)
Place of publication, distribution, etc Harlow
260 ## - PUBLICATION, DISTRIBUTION, ETC. (IMPRINT)
Name of publisher, distributor, etc Longman Scientific & Technical John Wiley
260 ## - PUBLICATION, DISTRIBUTION, ETC. (IMPRINT)
Date of publication, distribution, etc 1993.
300 ## - PHYSICAL DESCRIPTION
Extent x
440 ## - SERIES STATEMENT/ADDED ENTRY--TITLE
Title Longman development studies
650 ## - SUBJECT ADDED ENTRY--TOPICAL TERM
Topical term following geographic name as entry element Morean, Basile Antoine Marie
650 ## - SUBJECT ADDED ENTRY--TOPICAL TERM
Location of event Congregation of Holy Cross
942 00 - ADDED ENTRY ELEMENTS (KOHA)
Koha issues (borrowed), all copies 1
Holdings
Withdrawn status Lost status Source of classification or shelving scheme Damaged status Not for loan Collection code Home library Current library Shelving location Date acquired Total Checkouts Full call number Barcode Date last seen Date checked out Copy number Price effective from Koha item type
    Library of Congress Classification     Main Collection ARRUPE LIBRARY ARRUPE LIBRARY   07/03/2013 1 LC2605.G68 1993 46003050975 28/06/2018 20/02/2014 1 07/03/2013 Monograph ( Printed materials)

 

Arrupe Library. PO Box MP320 Mt Pleasant, Harare, Zimbabwe
263 242 745411|librarian@aju.ac.zw